Informe del estado y gestión de los páramos en Colombia. (Registro nro. 18068)

Detalles MARC
000 -CABECERA
Campo de control 00629nam a22002057a 4500
005 - FECHA Y HORA DE LA ULTIMA TRANSACCION
Campo de control 20160201132619.0
008 - ELEMENTOS DE LONGITUD FIJA—INFORMACION GENERAL
Campo de control 160201b ck ||||| |||| 00| 0 spa d
040 ## - FUENTE DE CATALOGACIÓN
Agencia catalogadora original CO-BoIAVH
Agencia transcriptora CO-BoIAVH
041 ## - IDIOMA
Código de idioma para texto/pista de sonido o título separado Español
044 ## - PAÍS DE PUBLICACIÓN
País de publicación Colombia
090 ## - CLASIFICACIÓN LOCAL
Colección LB
Consecutivo 05901
100 1# - ASIENTO PRINCIPAL--NOMBRE PERSONAL
Nombre personal Rey, César
9 (RLIN) 56275
245 10 - MENCION DE TITULO
Título Informe del estado y gestión de los páramos en Colombia.
260 ## - PUBLICACION, DISTRIBUCION, ETC. (PIE DE IMPRENTA)
Lugar de publicación, distribución, etc. Bogotá?:
Nombre del editor, distribuidor, etc. Grupo de Trabajo en Páramos,
Fecha de publicación, distribución, etc. s.f..
300 ## - DESCRIPCION FISICA
Extensión 177 páginas
Otros detalles físicos mapas a color, tablas
650 14 - ASIENTO SECUNDARIO DE MATERIA - TERMINO TEMATICO
Término temático o nombre geográfico como elemento de entrada Páramos
Subdivisión general gestión
Subdivisión geográfica Colombia
9 (RLIN) 56276
700 1# - ASIENTO SECUNDARIO - NOMBRE PERSONAL
Nombre personal Franco, Lorena
9 (RLIN) 2938
700 1# - ASIENTO SECUNDARIO - NOMBRE PERSONAL
Nombre personal Castaño-Uribe, Carlos
9 (RLIN) 56277
942 ## - ELEMENTOS ADICIONALES (KOHA)
Sistema de clasificación Local
Tipo de ítem Informe Técnico
Existencias
Withdrawn status Lost status Sistema de Clasificación Damaged status No para préstamo Colección Inventariado Ubicación Permanente Ubicación actual Fecha de adquisición Total Checkouts Número topográfico Inventario / Código de Barras Date last seen Ejemplar Price effective from Forma de adquisición Tipo de material
    Local     General Inventariado 2017 Bogotá Bogotá 01/02/2016   LB-05901 039656 01/02/2016 Ej. 1 01/02/2016   Informe Técnico